00886nam a2200193Ia 4500100002500000650000800025942000700033366000900040654001000049245003300059260003500092082002100127300000800148546001200156999001700168952016900185952016900354952016900523 aRao/P.N/ Tewari/N.K  aCAM cBK f17.5 aaided aComputer Aided Manufacturing bCengage LearningaMumbaic2007 a670.427/RAObRAO a297 aENGLISH c18787d18787 001040708CRCaCRCEbCRCEd2023-03-17eEducational books and periodicalsg309.38i132 dt 20/12/2008l0o670.427/RAO RAOp19176r2023-03-17v375.00w0000-00-00yBK 001040708CRCaCRCEbCRCEd2023-03-17eEducational books and periodicalsg309.38i132 dt 20/12/2008l0o670.427/RAO RAOp19177r2023-03-17v375.00w0000-00-00yBK 001040708CRCaCRCEbCRCEd2023-03-17eEducational books and periodicalsg309.38i132 dt 20/12/2008l0o670.427/RAO RAOp19178r2023-03-17v375.00w0000-00-00yBK